| 000 | 00508nam a22001937a 4500 | ||
|---|---|---|---|
| 003 | OSt | ||
| 005 | 20140310182145.0 | ||
| 008 | 130829t xxu||||| |||| 00| 0 eng d | ||
| 020 | _a1871307430 | ||
| 050 |
_aAG 243 _b.H937 1988 |
||
| 082 |
_aHS 741.5 _bH898 1988 |
||
| 100 |
_aHunkin, Tim _915474 |
||
| 245 |
_aAlmost everything there is to know / _cTim Hunkin. |
||
| 260 |
_aLondon : _bPyramid Books, _c1988. |
||
| 300 |
_a365 p. ; _c28 cm. |
||
| 650 |
_aExperiments _92007 |
||
| 942 | _2lcc | ||
| 999 |
_c9907 _d9907 |
||